| 000 | 00477nam a22001817a 4500 | ||
|---|---|---|---|
| 003 | OSt | ||
| 005 | 20260313024431.0 | ||
| 008 | 260313b |||||||| |||| 00| 0 eng d | ||
| 020 | _a0-451-12434-0. | ||
| 040 |
_aDWC-Main lib _cOC |
||
| 082 | _aFic. K52 1982 | ||
| 100 | _aKing, Stephen | ||
| 245 |
_aDifferent seasons/ _cStephen King |
||
| 260 |
_aNew York : _b Signet Book, _cc1982. |
||
| 300 |
_a508 p. ; _c18 cm. |
||
| 650 | _a1. Fiction | ||
| 942 |
_2ddc _cFIC. _kFic. _n0 |
||
| 999 |
_c9096 _d9096 |
||